000 01346nam a2200337Ia 4500
001 ebr10135642
003 CaPaEBR
006 m u
007 cr cn|||||||||
008 051129s2005 nyu sb 001 0 eng d
020 _z1403980608
020 _z1403972028
040 _aCaPaEBR
_cCaPaEBR
035 _a(OCoLC)647536950
050 1 4 _aF1788
_b.K54 2005eb
100 1 _aKlepak, H. P.
245 1 0 _aCuba's military 1990-2005
_h[electronic resource] :
_bRevolutionary soldiers during counter-revolutionary times /
_cHal Klepak.
246 3 0 _aRevolutionary soldiers during counter-revolutionary times
260 _aNew York, N.Y. :
_bPalgrave MacMillan,
_cc2005.
300 _axi, 340 p.
490 1 _aStudies of the Americas
504 _aIncludes bibliographical references (p. [315]-332) and index.
533 _aElectronic reproduction.
_bPalo Alto, Calif. :
_cebrary,
_d2009.
_nAvailable via World Wide Web.
_nAccess may be limited to ebrary affiliated libraries.
650 0 _aArmed Forces.
651 0 _aCuba
_xHistory, Military.
651 0 _aCuba
_xArmed Forces
_xHistory.
655 7 _aElectronic books.
_2local
710 2 _aebrary, Inc.
830 0 _aStudies of the Americas.
856 4 0 _uhttp://site.ebrary.com/lib/rucke/Doc?id=10135642
_zAn electronic book accessible through the World Wide Web; click to view
999 _c87558
_d87558